Music Quiz

Random Music or Clickable Quiz

Kpop idols Birthday month, clickable Quiz Stats

 Plays Quiz not verified by Sporcle

Score 0/41 Timer 10:00
0 Plays Today
% Correct
September
52.1%
September
51.2%
September
51%
September
50.6%
September
49.5%
December
49%
December
45.6%
May
44.5%
December
44.5%
December
44.2%
March
40.4%
February
40.3%
March
40.1%
August
38.8%
October
38.4%
March
37.8%
February
37.7%
February
37.3%
March
37.1%
February
37.1%
October
36.9%
% Correct
November
36.7%
February
35.1%
November
35.1%
April
34.9%
October
34.7%
July
34.5%
November
34.5%
January
34.1%
June
34%
November
33.8%
February
33.2%
October
33.2%
January
33%
June
33%
November
32.8%
January
32.7%
June
31.7%
January
31.7%
January
30.8%
January
30.4%

You're not logged in!

Compare scores with friends on all Sporcle quizzes.
OR
Log In

Sporcle TV

Today on Sporcle TV


Watch our educational content, quiz creation guides, and fun videos on Sporcle TV.

Show Comments

Extras

Top Quizzes Today


Score Distribution

Your Account Isn't Verified!

In order to create a playlist on Sporcle, you need to verify the email address you used during registration. Go to your Sporcle Settings to finish the process.

Report this User

Report this user for behavior that violates our Community Guidelines.

Details: